| 000 | 00656nam a2200217 a 4500 | ||
|---|---|---|---|
| 005 | 20220328152847.0 | ||
| 008 | 991125n 000 0 spa u | ||
| 035 | _aUPN01000066779 | ||
| 100 | 1 |
_aMuñoz Izquierdo, Carlos, _d1937- _929402 |
|
| 222 | _aREVISTA LATINOAMERICANA DE ESTUDIOS EDUCATIVOS | ||
| 245 | _aCapital cultural : dinámica económica y desarrollo de la microempresa en la Ciudad de México | ||
| 300 | _a35-111 | ||
| 362 | 0 | _a1990 Vol. 20, no. 4 oct.-dic. | |
| 653 | 0 | _aEDUCACION | |
| 653 | 0 | _aEMPRESA | |
| 653 | 0 | _aLEXICO | |
| 653 | 0 | _aTRABAJO | |
| 700 | 1 | _aLira Meza, Rosa Maria | |
| 904 |
_aAC _b004590 |
||
| 905 | _aArticulo | ||
| 999 |
_c63655 _d63655 |
||